Представление документа в формате MARC21

Поле Инд. ПП Название Значение
Тип записи a
Библиографический уровень m
001 Контрольный номер ab303ad5-cfe8-4098-b2ee-eaf6a9555d9c
005 Дата корректировки 20210923154355.5
008 Кодируемые данные 20010206s?a aznnnabbn zn aan
020 a ISBN 5-280-00391-3 (в пер.)
040 a Служба первич. каталог. НБ ТвГУ
041 0_ a Код языка текста rus
080 a Индекс УДК 882.09
084 a Индекс другой классификации/Индекс ББК Ш5(2=411.2)5
090 a Полочн. индекс Ш5(2=411.2)5
x Авторский знак М 69
100 1_ a Автор Михайловский Николай Константинович
e Роль лиц Автор
245 10 a Заглавие Литературная критика
b Продолж. заглавия статьи о русской литературе XIX - нач. XX в.
c Ответственность Н. Михайловский ; составление, вступительная статья и комментарий Б. Аверина
260 a Место издания Ленинград
b Издательство Художественная литература
c Дата издания 1989
300 a Объем 605, [1] с.
b Иллюстрации/ тип воспроизводства [9] л. ил.
c Размеры 21 см
440 _0 a Серия Русская литературная критика : РЛК
504 a Библиография Библиогр. в примеч.: с. 559-598. Имен. указ.: с. 599-604
653 0_ a Ключевые слова Русская дореволюционная литература
a Ключевые слова Русская литературная критика
a Ключевые слова 19-20 вв.
a Ключевые слова Литературная критика
a Ключевые слова Русская литература
a Ключевые слова История русской литературы
700 1_ a Другие авторы Аверин Б.
e Роль лиц сост., вступ. ст., коммент.
852 41 i Расстановочный признак Проверка 2021
901 t Тип документа m
920 a Оператор Семен
a Оператор Суха
930 a Новая/Ретро ретро
952 c Вид литературы К рн
954 e Дата перешифровки 20210611
a Дата поступления на обработку 20210923